01016nam a2200253Ia 450000500170000000800410001702000150005808200210007324500990009425000200019330000350021350001550024850000220040365000600042565000460048570000530053194200130058426400270059733600270062433700330065133800280068404000350071299900150074720220317000716.0160601s9999 xx 000 0 und d a958690749X04aR 344.05 bC64cp10aCódigo nacional de policía bcompilado, concordado y anotado cJosé Armando Ruiz Salazar a18a. edición  a616 páginas b22 cm eCD-ROM aIncluye CD-ROM, consultarlo con el título: Códico nacional de Policia Brevis Jurisprudencia. Consultar CD-ROM bajo clasificación: R 344.05 C64cp aIncluye índices142LEMBaPoder de la policía xLegislación zColombia 142LEMBaReglamento de policía zColombia 1 aRuiz Salazar, José Armandoecompilador 953081 2ddccREF aBogotá bLeyerc2005 atextobtxt2rdacontent asin mediaciónbn2rdamedia avolumenbnc2rdacarrier aCO-BoRNBPbspaerdacCO-BoRNBP c4837d4837